Big 4 Worst of the Decade (1970s) Quiz Stats

Quiz Updated Dec 28, 2015

Challenge
Share
Tweet
Embed
Score 0/39 Timer 04:00
1 Play Today
League Team % Correct
NFLNew York Jets
81.2%
NFLNew York Giants
80%
NBABraves/Clippers
72.2%
MLBSenators/Rangers
71.3%
NBARoyals/Kings
69.5%
NFLTampa Bay Bucs
68.2%
NFLHouston Oilers
65.1%
MLBNew York Mets
63.3%
NFLGreen Bay Packers
63%
NFLPhiladelphia Eagles
61.9%
MLBChicago White Sox
60.7%
NFLBuffalo Bills
57.6%
MLBAtlanta Braves
57.2%
NFLNew Orleans Saints
56%
NFLSan Diego Chargers
55%
NFLSan Francisco 49ers
54.2%
NHLLos Angeles Kings
53.4%
MLBSeattle Mariners
50.4%
MLBToronto Blue Jays
49.1%
MLBSan Diego Padres
48.8%
League Team % Correct
MLBCleveland Indians
47.8%
MLBMilwaukee Brewers
46.4%
NBANY/NJ Nets
45.3%
NHLDetroit Red Wings
42.5%
MLBMontreal Expos
42.1%
NHLPittsburgh Penguins
38.7%
NBAAtlanta Hawks
38.4%
NBADetroit Pistons
38.1%
NHLMinnesota North Stars
37%
NHLSt. Louis Blues
36.8%
NHLVancouver Canucks
35.6%
NBASD/Houston Rockets
34.2%
NBANO/Utah Jazz
34.1%
NBAIndiana Pacers
32.7%
NBACleveland Cavaliers
31.6%
NHLWashington Capitals
24.7%
NBAPortland Trail Blazers
24%
NHLScouts/Rockies
20.7%
NHLGolden Seals/Barons
15.1%

You're not logged in!

Compare scores with friends on all Sporcle quizzes.
Sign Up with Email
OR
Log In

You Might Also Like...

Show Comments

Extras

Top Quizzes Today


Score Distribution

Your Account Isn't Verified!

In order to create a playlist on Sporcle, you need to verify the email address you used during registration. Go to your Sporcle Settings to finish the process.